Code musulman (Record no. 86564)

MARC details
000 -LEADER
campo de control de longitud fija 00687nam a2200205 i 4500
001 - NÚMERO DE CONTROL
campo de control 86564
003 - IDENTIFICADOR DE NÚMERO DE CONTROL
campo de control ES-MaACL
005 - FECHA Y HORA DE LA ÚLTIMA TRANSACCIÓN
campo de control 20250907063052.0
007 - CAMPO FIJO DE DESCRIPCIÓN FÍSICA--INFORMACIÓN GENERAL
campo de control de longitud fija t|
008 - DATOS DE LONGITUD FIJA--INFORMACIÓN GENERAL
campo de control de longitud fija 041213s1911 fr ||||1| fre d
100 1# - ENTRADA PRINCIPAL--NOMBRE DE PERSONA
Nombre de persona Halil ibn Isaq al-Gundi,
Fechas asociadas al nombre m. 1366
9 (RLIN) 67985
245 10 - MENCIÓN DEL TÍTULO
Título Code musulman
Resto del título : rite malékite, statut réel /
Mención de responsabilidad, etc. par Khalil ; texte arabe et traduction française N. Seignette.
260 ## - PUBLICACIÓN, DISTRIBUCIÓN, ETC.
Lugar de publicación, distribución, etc. Paris :
Nombre del editor, distribuidor, etc. Challamel,
Fecha de publicación, distribución, etc. 1911.
300 ## - DESCRIPCIÓN FÍSICA
Extensión VI, 743 p. ;
Dimensiones 25 cm.
546 ## - NOTA DE IDIOMA
Nota de lengua/lenguaje Texto en árabe con traducción francesa.
650 07 - PUNTO DE ACCESO ADICIONAL DE MATERIA--TÉRMINO DE MATERIA
Término de materia o nombre geográfico como elemento de entrada Derecho musulmán
Fuente del encabezamiento o término embne
9 (RLIN) 11742
700 1# - ENTRADA AGREGADA--NOMBRE PERSONAL
Nombre de persona Seignette, Napoléon.
9 (RLIN) 159346
852 ## - LOCALIZACIÓN
Ubicación ES-MaACL
Número de control de estantería C-1085
Holdings
Estatus retirado Estado de pérdida Estado de daño No para préstamo Biblioteca de origen Biblioteca actual Ubicación en estantería Fecha de adquisición Fuente de adquisición Total de préstamos Signatura topográfica completa Código de barras Visto por última vez Precio de reemplazo Tipo de ítem Koha
        Biblioteca del Ateneo de Madrid Biblioteca del Ateneo de Madrid Sala Palomar 17/01/2008     C-1085 1090440 23/02/2023 23/02/2023 Libro impreso